000 00676nam a2200241Ia 4500
005 20251020182502.0
008 200515s9999 xx 000 0 und d
082 _a625.1/T68
100 _aTogno, Francisco M.
245 0 _aFerrocarriles
250 _a5a ed.
260 _aMéxico, D.F.
260 _bRepresentaciones y Servicios de Ingeniería
260 _c1976
300 _a749 p.
300 _bil., tbl., graf.
500 _a1 ejemplar
520 _aCubre el complejo panorama ferroviario en sus diversas técnicas, pretende modificar la visión limitada de trazado.
650 _aFERROCARRILES
650 _aVIAS FERREAS
942 _cLIB
999 _c1180
_d1180